Honduras: conflicto de intereses en medios de comunicación
Bewaard in:
| Formaat: | Texto |
|---|---|
| Onderwerpen: | |
| Tags: |
Voeg label toe
Geen labels, Wees de eerste die dit record labelt!
|
MARC
| LEADER | 00000 a a2200000 04500 | ||
|---|---|---|---|
| 001 | 457 | ||
| 003 | |||
| 040 | |||
| 245 | |a Honduras: |b conflicto de intereses en medios de comunicación | ||
| 650 | |a MEDIOS DE COMUNICACION | ||
| 650 | |a GRUPOS DE INTERESES | ||
| 650 | |a SISTEMA POLITICA | ||
| 650 | |a PARTICIPACION POLITICA | ||
| 650 | |a POLITICA | ||
| 773 | |g volumen 25, número 332; páginas 17-18 | ||
| 999 | |c 33854 |d 33854 | ||
